000
00207 a2200097 4500
001
1315
100
_a
Miller.L.
245
_a
Engineering diamensional Metrology
260
_a
_b
Arnold
_c
090
_c
873
_d
873
942
_a
NUST-CAE
_c
M
_c
35522
999
_c
236388
_d
236388